000 00711nam a2200193Ia 4500
003 GCL
008 140319s9999 xx 000 0 ara d
020 _a9361303977
040 _aGCL /
_cGCL
082 0 4 _a362.29
_bم ا
100 1 _aمحمد السيد عبدالرحمن
245 1 0 _aالادمان واساءة استخدام العقاقير :
_bتشخيصة - اثارة - علاج /
_cمحمد السيد عبدالرحمن
260 _aالقاهرة :
_bدار قباء للطباعة والنشر والتوزيع ،
_c2002
300 _a167 ص ؛
_c20 سم
650 0 4 _aادمان المخدرات
650 0 4 _aالفساد الاجتماعى
650 0 4 _aالادمان
942 _2ddc
_cBK
999 _c3396
_d3396